Statystyki dla Ortografia- Ż czy Rz?

Kliknij tutaj aby rozwiązać quiz!

Ogólne statystyki

  • Ten quiz został rozwiązany 1 771 razy
  • Średni wynik to 18 z 25

Statystyki odpowiedzi

ZagadnienieOdpowiedź% Poprawnych
_eźniaRz
90%
K_y_ówkaRz -Ż
90%
_odkiewkaRz
89%
_adkoRz
87%
K_y_Rz - Ż
87%
Rewan_Ż
87%
Mał_eństwoŻ
86%
Zast_e_onyRz - Ż
84%
Zgo_kniałyRz
78%
_ołnie_Ż - Rz
76%
Up_ą_Rz - Ż
75%
G_ego_Rz - Rz
73%
Wyb_e_eRz- Ż
73%
_e_uchaRz - Ż
73%
Go_elniaRz
71%
_egla_Ż - Rz
71%
_u_lowiecŻ - Ż
71%
_ygowinyRz
68%
_ółtobe_owyŻ - Ż
66%
_ararakaŻ
62%
M_awkaŻ
61%
Zatrwa_ającyŻ
58%
_eźbia_Rz - Rz
51%
G_eg_ółkaŻ - Ż
43%
_or_etaŻ - Ż
36%

Rozkład punktacji

Percentyl według liczby udzielonych odpowiedzi

Procent ludzi z każdym wynikiem

Twoja historia wyników

Nie rozwiązałeś tego quizu